[Event "Catas Altas Caraca op 4th"]
[Site "Catas Altas"]
[Date "2023.03.11"]
[Round "3"]
[White "Fier, Alexandr"]
[Black "Acosta, Pablo Alejandro"]
[Result "1-0"]
[WhiteElo "2606"]
[BlackElo "2005"]
[PlyCount "46"]
[EventDate "2023.03.11"]
[EventType "swiss (rapid)"]
[EventRounds "7"]
[EventCountry "BRA"]
[SourceTitle "CBM 213 Extra"]
[Source "ChessBase"]
[SourceDate "2023.05.31"]
[SourceVersion "1"]
[SourceVersionDate "2023.05.31"]
[SourceQuality "1"]

1. c4 e6 2. Nf3 d5 3. g3 Nf6 4. Bg2 Be7 5. 0-0 0-0 6. b3 b6 7. Bb2 Bb7 8. e3 dxc4 9. bxc4 c5 10. Qe2 Qc8 11. Nc3 Rd8 12. Rad1 Nc6 13. Ne1 Nd7 14. f4 Nf8 15. g4 Ng6 16. g5 Nh4 17. Be4 Nf5 18. Rf3 Nb4 19. Rh3 g6 20. a3 Bxe4 21. Nxe4 Qb7 22. Qf3 Nc6 23. Rxh7 Ncd4 1-0

[Event "Florianopolis Winter op 6th"]
[Site "Florianopolis"]
[Date "2022.07.13"]
[Round "2"]
[White "Bachmann, Axel"]
[Black "Acosta, Pablo Alejandro"]
[Result "1-0"]
[WhiteElo "2588"]
[BlackElo "2012"]
[PlyCount "31"]
[EventDate "2022.07.13"]
[EventType "swiss"]
[EventRounds "9"]
[EventCountry "BRA"]
[SourceTitle "CBM 209 Extra"]
[Source "ChessBase"]
[SourceDate "2022.09.30"]
[SourceVersion "1"]
[SourceVersionDate "2022.09.30"]
[SourceQuality "1"]

1. Nf3 d5 2. c4 e6 3. e3 Nf6 4. b3 Be7 5. Bb2 0-0 6. Nc3 b6 7. cxd5 Nxd5 8. Nxd5 Qxd5 9. Qc2 Ba6 10. Qxc7 Bxf1 11. Qxe7 Bxg2 12. Rg1 Qxf3 13. Bxg7 Kxg7 14. Qg5+ Kh8 15. Rxg2 Qxg2 16. Qxg2 1-0

[Event "Santo Antonio"]
[Site "Santo Antonio"]
[Date "2022.07.07"]
[Round "9"]
[White "Cubas, Jose Fernando"]
[Black "Acosta, Pablo Alejandro"]
[Result "1-0"]
[WhiteElo "2451"]
[BlackElo "2012"]
[PlyCount "79"]
[EventDate "2022.07.02"]
[EventType "tourn"]
[EventRounds "9"]
[EventCountry "BRA"]
[EventCategory "2"]
[SourceTitle "EXT 2023"]
[Source "ChessBase"]
[SourceDate "2022.10.05"]
[SourceVersion "1"]
[SourceVersionDate "2022.10.05"]
[SourceQuality "1"]

1. e4 e6 2. d4 d5 3. e5 c5 4. c3 Nc6 5. Nf3 Nge7 6. Bd3 cxd4 7. cxd4 Nf5 8. Bc2 Nh4 9. Nxh4 Qxh4 10. Be3 Bd7 11. 0-0 Nb4 12. Bb3 Bb5 13. Re1 a5 14. Nc3 Ba6 15. Ba4+ Nc6 16. Rc1 Qd8 17. a3 Rc8 18. Qg4 h6 19. h4 Bd3 20. h5 g5 21. hxg6 Bxg6 22. Nb5 Be7 23. Na7 Rc7 24. Bxc6+ bxc6 25. Nxc6 Qc8 26. Nxe7 Kxe7 27. Bd2 Kd7 28. Qe2 Qb7 29. Rxc7+ Kxc7 30. Rc1+ Kd7 31. Bxa5 Rc8 32. Qd2 Qb3 33. Bc3 h5 34. Ra1 h4 35. Qh6 Be4 36. Qf4 f5 37. Qxh4 Qc2 38. Qg5 Kc6 39. Re1 Re8 40. Bd2 1-0

[Event "Santo Antonio"]
[Site "Santo Antonio"]
[Date "2022.07.03"]
[Round "2"]
[White "Acosta, Pablo Alejandro"]
[Black "Di Berardino, Diego Rafael"]
[Result "0-1"]
[WhiteElo "2012"]
[BlackElo "2484"]
[PlyCount "90"]
[EventDate "2022.07.02"]
[EventType "tourn"]
[EventRounds "9"]
[EventCountry "BRA"]
[EventCategory "2"]
[SourceTitle "EXT 2023"]
[Source "ChessBase"]
[SourceDate "2022.10.05"]
[SourceVersion "1"]
[SourceVersionDate "2022.10.05"]
[SourceQuality "1"]

1. d4 Nf6 2. Nf3 g6 3. Bg5 Bg7 4. Nbd2 0-0 5. e4 d5 6. exd5 Nxd5 7. c3 h6 8. Bh4 b6 9. Bc4 Bb7 10. 0-0 Nd7 11. Re1 N7f6 12. Ne5 g5 13. Bg3 Qc8 14. Nf1 c5 15. Qb3 cxd4 16. cxd4 e6 17. Ne3 Nxe3 18. Rxe3 Nd5 19. Re2 Qd8 20. Rd1 Rc8 21. a3 a6 22. Qd3 b5 23. Ba2 Nf6 24. Rde1 Re8 25. Bb1 Kf8 26. h3 Bd5 27. f4 Bc4 28. Nxc4 bxc4 29. Qf3 Qd5 30. Be4 Nxe4 31. Rxe4 Bxd4+ 32. Kh1 Bxb2 33. fxg5 hxg5 34. Qh5 Bg7 35. Re5 Qd4 36. Rxg5 c3 37. Rf1 f5 38. Qh7 c2 39. Bd6+ Kf7 40. Qg6+ Kg8 41. Bf4 Re7 42. Qh6 Rd8 43. Bc1 Qe5 44. Bf4 Qe2 45. Kg1 Rd1 0-1

[Event "Rio de Janeiro op"]
[Site "Rio de Janeiro"]
[Date "2022.04.21"]
[Round "2"]
[White "Fatz, Gabriel Johnson Pat"]
[Black "Acosta, Pablo Alejandro"]
[Result "0-1"]
[WhiteElo "1800"]
[BlackElo "2033"]
[PlyCount "58"]
[EventDate "2022.04.21"]
[EventType "swiss"]
[EventRounds "6"]
[EventCountry "BRA"]
[SourceTitle "CBM 207 Extra"]
[Source "ChessBase"]
[SourceDate "2022.05.31"]
[SourceVersion "1"]
[SourceVersionDate "2022.05.31"]
[SourceQuality "1"]

1. d4 d5 2. Bf4 Nf6 3. Nf3 e6 4. e3 Bd6 5. Bg3 0-0 6. Bd3 c5 7. Nbd2 Qc7 8. c3 Nbd7 9. 0-0 Bxg3 10. fxg3 e5 11. e4 exd4 12. cxd4 cxd4 13. Nxd4 Qb6 14. Qa4 Nc5 15. Qb5 dxe4 16. Qxb6 axb6 17. Bc2 Rd8 18. N2b3 Be6 19. Nxc5 bxc5 20. Nb3 Bxb3 21. Bxb3 Rd2 22. Rab1 b5 23. a3 c4 24. Ba2 h5 25. Rfd1 Rad8 26. Rf1 e3 27. Rf3 e2 28. Kf2 Ng4+ 29. Ke1 Rd1+ 0-1

[Event "Florianopolis op 8th"]
[Site "Florianopolis"]
[Date "2022.01.25"]
[Round "3"]
[White "Acosta, Pablo Alejandro"]
[Black "Languidey, Simon Alejandro"]
[Result "0-1"]
[WhiteElo "2042"]
[BlackElo "2403"]
[PlyCount "82"]
[EventDate "2022.01.24"]
[EventType "swiss"]
[EventRounds "10"]
[EventCountry "BRA"]
[SourceTitle "CBM 206 Extra"]
[Source "ChessBase"]
[SourceDate "2022.03.31"]
[SourceVersion "1"]
[SourceVersionDate "2022.03.31"]
[SourceQuality "1"]

1. e4 e5 2. Nf3 Nc6 3. Bb5 Nge7 4. c3 g6 5. h4 h6 6. d4 exd4 7. Nxd4 d5 8. Qf3 Bd7 9. Be3 Bg7 10. Nd2 Ne5 11. Qe2 c6 12. Ba4 0-0 13. h5 g5 14. Bc2 Ng4 15. 0-0-0 Nxe3 16. Qxe3 Qc7 17. Nf5 Nxf5 18. exf5 Rae8 19. Qd3 Bf6 20. Nc4 Qf4+ 21. Kb1 Qxf2 22. Rd2 Qc5 23. Rhd1 a5 24. Qg3 Qxc4 25. Qd6 Kg7 26. Qxd7 Qc5 27. Qc7 Re7 28. Qg3 Rfe8 29. Bd3 b5 30. Rc2 Re3 31. Qf2 Qe7 32. g4 Qe5 33. Rcc1 Qf4 34. Qg2 Qg3 35. Rc2 Qf4 36. Rcd2 b4 37. Rf2 Qd6 38. cxb4 Qxb4 39. Kc1 c5 40. Qg1 c4 41. Bb1 c3 0-1

[Event "Caioba Copel op 5th"]
[Site "Caioba"]
[Date "2019.08.15"]
[Round "1"]
[White "Acosta, Pablo Alejandro"]
[Black "Boutin Neto, Mauro Albano"]
[Result "1-0"]
[WhiteElo "2060"]
[BlackElo "1508"]
[PlyCount "33"]
[EventDate "2019.08.15"]
[EventType "swiss"]
[EventRounds "6"]
[EventCountry "BRA"]
[SourceTitle "EXT 2020"]
[Source "ChessBase"]
[SourceDate "2019.10.17"]
[SourceVersion "1"]
[SourceVersionDate "2019.10.17"]
[SourceQuality "1"]

1. e4 c6 2. d4 d5 3. e5 c5 4. dxc5 Nc6 5. Nf3 Bg4 6. c3 e6 7. Be3 Bxf3 8. Qxf3 Nxe5 9. Bb5+ Nc6 10. 0-0 Nf6 11. c4 Qc7 12. Nc3 dxc4 13. Bxc4 a6 14. Ne4 Ne7 15. Bf4 e5 16. Nxf6+ gxf6 17. Be3 1-0

[Event "Caioba Telecom op 5th"]
[Site "Caioba"]
[Date "2019.08.14"]
[Round "4"]
[White "Acosta, Pablo Alejandro"]
[Black "Rodrigues, Edgar"]
[Result "0-1"]
[WhiteElo "2060"]
[BlackElo "2322"]
[PlyCount "46"]
[EventDate "2019.08.12"]
[EventType "swiss"]
[EventRounds "9"]
[EventCountry "BRA"]
[SourceTitle "EXT 2020"]
[Source "ChessBase"]
[SourceDate "2019.10.17"]
[SourceVersion "1"]
[SourceVersionDate "2019.10.17"]
[SourceQuality "1"]

1. d4 Nf6 2. Nf3 g6 3. e3 Bg7 4. Be2 0-0 5. 0-0 d6 6. c4 Nbd7 7. Nc3 e5 8. Qc2 Re8 9. h3 Qe7 10. b4 e4 11. Nd2 Nf8 12. Bb2 h5 13. Rfc1 Bf5 14. Nd5 Qd8 15. b5 Ne6 16. Rab1 Nd7 17. Qd1 h4 18. Nb3 Ndf8 19. c5 Qg5 20. Nf4 Nxf4 21. exf4 Qxf4 22. cxd6 e3 23. Bd3 exf2+ 0-1

[Event "Caioba Telecom op 5th"]
[Site "Caioba"]
[Date "2019.08.13"]
[Round "2"]
[White "Acosta, Pablo Alejandro"]
[Black "Luz, Arthur Nader"]
[Result "1-0"]
[WhiteElo "2060"]
[BlackElo "2180"]
[PlyCount "111"]
[EventDate "2019.08.12"]
[EventType "swiss"]
[EventRounds "9"]
[EventCountry "BRA"]
[SourceTitle "EXT 2020"]
[Source "ChessBase"]
[SourceDate "2019.10.17"]
[SourceVersion "1"]
[SourceVersionDate "2019.10.17"]
[SourceQuality "1"]

1. d4 Nf6 2. Nf3 g6 3. e3 Bg7 4. Be2 0-0 5. 0-0 d6 6. c4 Nbd7 7. Nc3 e5 8. Qc2 Re8 9. h3 e4 10. Nd2 Qe7 11. b4 Nf8 12. Bb2 h5 13. Rfc1 Bf5 14. a4 N8h7 15. Qd1 Ng5 16. Qf1 Qd7 17. Kh1 Nxh3 18. gxh3 Bxh3 19. Qg1 Ng4 20. Ncxe4 Nh6 21. Bxh5 Qf5 22. Ng3 Qf6 23. Bf3 Kh7 24. Qh2 Bd7 25. Kg1 Rh8 26. Ra2 Qe7 27. Ngf1 Kg8 28. Qf4 Nf5 29. Ng3 Rh4 30. Nxf5 gxf5 31. Qg3 Kh8 32. Bg2 Rg8 33. Nf3 Rh5 34. Ne1 Bh6 35. Qf3 Qh4 36. d5+ Kh7 37. Kf1 f4 38. exf4 Bxf4 39. Nd3 Rg4 40. Ra3 Bf5 41. Nxf4 Rxf4 42. Qg3 Qxg3 43. Rxg3 Rhh4 44. Rf3 Rxf3 45. Bxf3 Bd3+ 46. Be2 Be4 47. Ke1 Rh3 48. Rc3 Rh1+ 49. Kd2 Rb1 50. Ba3 Ra1 51. Bd3 Ra2+ 52. Ke3 Bxd3 53. Rxd3 Rc2 54. c5 Rc4 55. cxd6 cxd6 56. b5 1-0

[Event "Caioba Telecom op 5th"]
[Site "Caioba"]
[Date "2019.08.12"]
[Round "1"]
[White "Filgueiras, Nathan Felipe"]
[Black "Acosta, Pablo Alejandro"]
[Result "1-0"]
[WhiteElo "2260"]
[BlackElo "2060"]
[PlyCount "39"]
[EventDate "2019.08.12"]
[EventType "swiss"]
[EventRounds "9"]
[EventCountry "BRA"]
[SourceTitle "EXT 2020"]
[Source "ChessBase"]
[SourceDate "2019.10.17"]
[SourceVersion "1"]
[SourceVersionDate "2019.10.17"]
[SourceQuality "1"]

1. e4 e6 2. d4 d5 3. Nd2 Nf6 4. e5 Nfd7 5. c3 c5 6. Bd3 b6 7. Ne2 Ba6 8. Bxa6 Nxa6 9. 0-0 Be7 10. f4 cxd4 11. Nxd4 0-0 12. Qe2 Qc8 13. f5 exf5 14. Nxf5 Bd8 15. Nb3 Qc4 16. Qe1 Bc7 17. Bh6 Bxe5 18. Bxg7 Qc7 19. Bxf8 Bxh2+ 20. Kh1 1-0

[Event "American Continental 15th"]
[Site "Sao Paulo"]
[Date "2019.07.11"]
[Round "9"]
[White "Sarkar, Justin"]
[Black "Acosta, Pablo Alejandro"]
[Result "1/2-1/2"]
[WhiteElo "2389"]
[BlackElo "1992"]
[PlyCount "34"]
[EventDate "2019.07.05"]
[EventType "swiss"]
[EventRounds "11"]
[EventCountry "BRA"]
[SourceTitle "CBM 191 Extra"]
[Source "ChessBase"]
[SourceDate "2019.09.30"]
[SourceVersion "1"]
[SourceVersionDate "2019.09.30"]
[SourceQuality "1"]

1. d4 Nf6 2. c4 e6 3. Nc3 d5 4. Bg5 Be7 5. Nf3 h6 6. Bxf6 Bxf6 7. Qb3 c5 8. dxc5 dxc4 9. Qxc4 0-0 10. e3 Qa5 11. Rc1 Na6 12. Nd2 Qxc5 13. Nde4 Qe7 14. Nxf6+ Qxf6 15. Qf4 Qxf4 16. exf4 b6 17. Nb5 Rd8 1/2-1/2

[Event "American Continental 15th"]
[Site "Sao Paulo"]
[Date "2019.07.09"]
[Round "7"]
[White "Rodi, Luis Ernesto"]
[Black "Acosta, Pablo Alejandro"]
[Result "0-1"]
[WhiteElo "2343"]
[BlackElo "1992"]
[PlyCount "108"]
[EventDate "2019.07.05"]
[EventType "swiss"]
[EventRounds "11"]
[EventCountry "BRA"]
[SourceTitle "CBM 191 Extra"]
[Source "ChessBase"]
[SourceDate "2019.09.30"]
[SourceVersion "1"]
[SourceVersionDate "2019.09.30"]
[SourceQuality "1"]

1. e4 e6 2. d4 d5 3. Nd2 Nf6 4. e5 Nfd7 5. c3 c5 6. Bd3 b6 7. Qe2 cxd4 8. cxd4 Nc6 9. Ndf3 Nb4 10. Bg5 Qc7 11. Rc1 Nxd3+ 12. Qxd3 Bb4+ 13. Kd1 Qb8 14. Qb3 Bf8 15. Ne2 a6 16. Bd2 a5 17. Nc3 Be7 18. g4 0-0 19. g5 h5 20. Rg1 g6 21. Ne1 a4 22. Nxa4 b5 23. Nc3 b4 24. Ne2 Ba6 25. Nf4 Qb6 26. Nc2 Kg7 27. Qf3 Bb5 28. Nxh5+ gxh5 29. g6 f5 30. Bh6+ Kxh6 31. g7 Bg5 32. Rxg5 Kxg5 33. Kd2 Nxe5 34. Rg1+ Ng4 35. gxf8Q Rxf8 36. h3 Qd6 37. Qe3+ f4 38. Qf3 Ra8 39. hxg4 h4 40. Re1 b3 41. Re5+ Qxe5 42. dxe5 bxc2 43. Kxc2 Rxa2 44. Kb1 Ra4 45. Qb3 Ra5 46. f3 h3 47. Qb4 Bd3+ 48. Kc1 Ra7 49. Qb8 Ra1+ 50. Kd2 Kh4 51. Qf8 Kg3 52. Kxd3 h2 53. g5 h1Q 54. Kd4 Qf1 0-1

[Event "Sao Jose dos Pinhais U2200"]
[Site "Sao Jose dos Pinhais"]
[Date "2019.05.24"]
[Round "1"]
[White "Acosta, Pablo Alejandro"]
[Black "Ferraz, Dimitri Vinicius da"]
[Result "1-0"]
[WhiteElo "2002"]
[BlackElo "1348"]
[PlyCount "47"]
[EventDate "2019.05.24"]
[EventType "swiss"]
[EventRounds "7"]
[EventCountry "BRA"]
[SourceTitle "EXT 2020"]
[Source "ChessBase"]
[SourceDate "2019.10.17"]
[SourceVersion "1"]
[SourceVersionDate "2019.10.17"]
[SourceQuality "1"]

1. e4 c5 2. Nf3 d6 3. d4 cxd4 4. Qxd4 Nc6 5. Bb5 Qa5+ 6. Nc3 Bd7 7. Bxc6 Bxc6 8. Bd2 Qc7 9. 0-0 Nf6 10. Bg5 e5 11. Qc4 Be7 12. Rad1 0-0 13. Nb5 Qd7 14. Nc3 Rac8 15. Nxe5 Bxe4 16. Nxd7 Rxc4 17. Nxf8 Kxf8 18. Nxe4 Nxe4 19. Bxe7+ Kxe7 20. b3 Rxc2 21. Rfe1 f5 22. f3 Rxa2 23. fxe4 f4 24. e5 1-0

[Event "Sao Bento do Sul op 05"]
[Site "Sao Bento do Sul"]
[Date "2019.05.19"]
[Round "7"]
[White "Huttl, Marko Diego"]
[Black "Acosta, Pablo Alejandro"]
[Result "0-1"]
[WhiteElo "1548"]
[BlackElo "2002"]
[PlyCount "36"]
[EventDate "2019.05.17"]
[EventType "swiss"]
[EventRounds "7"]
[EventCountry "BRA"]
[SourceTitle "CBM 195 Extra"]
[Source "ChessBase"]
[SourceDate "2020.05.31"]
[SourceVersion "1"]
[SourceVersionDate "2020.05.31"]
[SourceQuality "1"]

1. e4 c5 2. Nf3 Nc6 3. d4 cxd4 4. Nxd4 e5 5. Nb5 a6 6. Nd6+ Bxd6 7. Qxd6 Qf6 8. Qd1 Qg6 9. Nc3 Nge7 10. g3 d5 11. Bg2 dxe4 12. 0-0 Bg4 13. Qe1 0-0 14. Bxe4 f5 15. Bg2 e4 16. Be3 Ne5 17. Kh1 Qh5 18. Bf4 Nf3 0-1

[Event "Sao Bento do Sul op 05"]
[Site "Sao Bento do Sul"]
[Date "2019.05.18"]
[Round "3"]
[White "Lahoz, Cassiano Ricardo Ne"]
[Black "Acosta, Pablo Alejandro"]
[Result "1/2-1/2"]
[WhiteElo "1733"]
[BlackElo "2002"]
[PlyCount "86"]
[EventDate "2019.05.17"]
[EventType "swiss"]
[EventRounds "7"]
[EventCountry "BRA"]
[SourceTitle "CBM 195 Extra"]
[Source "ChessBase"]
[SourceDate "2020.05.31"]
[SourceVersion "1"]
[SourceVersionDate "2020.05.31"]
[SourceQuality "1"]

1. e4 c5 2. Nc3 e6 3. g3 Nc6 4. Bg2 g6 5. Nge2 Bg7 6. d3 Nge7 7. 0-0 0-0 8. Be3 Nd4 9. Qd2 d6 10. Nd1 Bd7 11. c3 Nxe2+ 12. Qxe2 Bc6 13. Qd2 Re8 14. Bh6 Bh8 15. Ne3 b5 16. f4 f5 17. Bg5 Qc7 18. Bxe7 Rxe7 19. exf5 gxf5 20. Rfe1 Rf7 21. Rac1 Rb8 22. Bxc6 Qxc6 23. Qg2 Qa6 24. a3 Bg7 25. Kh1 Kh8 26. Red1 Qb6 27. Qf3 a5 28. Rc2 d5 29. Rdc1 Qd6 30. Re1 b4 31. axb4 axb4 32. c4 d4 33. Ng2 e5 34. fxe5 Bxe5 35. Rce2 Bg7 36. Re8+ Rf8 37. Rxb8 Qxb8 38. Qd5 Qa7 39. Nf4 b3 40. Re2 Qa8 41. Kg2 Bh6 42. Qxa8 Rxa8 43. Kf3 Ra2 1/2-1/2

[Event "Sao Bento do Sul op 05"]
[Site "Sao Bento do Sul"]
[Date "2019.05.17"]
[Round "1"]
[White "Blaskosky, Vinicius"]
[Black "Acosta, Pablo Alejandro"]
[Result "0-1"]
[WhiteElo "1275"]
[BlackElo "2002"]
[PlyCount "48"]
[EventDate "2019.05.17"]
[EventType "swiss"]
[EventRounds "7"]
[EventCountry "BRA"]
[SourceTitle "CBM 195 Extra"]
[Source "ChessBase"]
[SourceDate "2020.05.31"]
[SourceVersion "1"]
[SourceVersionDate "2020.05.31"]
[SourceQuality "1"]

1. Nf3 d5 2. d4 Nf6 3. Bf4 e6 4. e3 c5 5. c3 Qb6 6. Qc2 Bd7 7. Be2 Bb5 8. 0-0 Nc6 9. a4 Bxe2 10. Qxe2 Be7 11. Na3 0-0 12. Nb5 Rfc8 13. Nd6 Bxd6 14. Bxd6 Nxd4 15. exd4 Qxd6 16. Rfe1 cxd4 17. Nxd4 a6 18. a5 h6 19. Ra4 Rc5 20. Qc2 Rac8 21. Re3 Qc7 22. Ra3 Rxa5 23. Rxa5 Qxa5 24. b4 Qa1+ 0-1

[Event "Florianopolis op 5th"]
[Site "Florianopolis"]
[Date "2019.01.26"]
[Round "9"]
[White "Acosta, Pablo Alejandro"]
[Black "Zampronha, Wladimir Camilo"]
[Result "0-1"]
[WhiteElo "1981"]
[BlackElo "2171"]
[PlyCount "140"]
[EventDate "2019.01.21"]
[EventType "swiss"]
[EventRounds "10"]
[EventCountry "BRA"]
[SourceTitle "CBM 188 Extra"]
[Source "ChessBase"]
[SourceDate "2019.02.26"]
[SourceVersion "1"]
[SourceVersionDate "2019.02.26"]
[SourceQuality "1"]

1. e4 c5 2. Nf3 e6 3. c3 Nf6 4. e5 Nd5 5. d4 cxd4 6. cxd4 d6 7. a3 Bd7 8. Bd3 Bc6 9. 0-0 Nd7 10. Bd2 dxe5 11. dxe5 Be7 12. Nc3 Nxc3 13. Bxc3 0-0 14. Nd4 Nxe5 15. Nxc6 Nxc6 16. Qe2 Bf6 17. Rad1 Qe7 18. Bd2 Rfd8 19. b4 g6 20. Be4 Nd4 21. Qe3 Rd7 22. Bc3 Rad8 23. Bxb7 Nf5 24. Bxf6 Rxd1 25. Bxe7 Rxf1+ 26. Kxf1 Nxe3+ 27. fxe3 Rd7 28. Bc5 Rxb7 29. Ke2 f6 30. Kd3 Kf7 31. Kc4 Ke8 32. b5 Kd7 33. Kb4 a6 34. a4 axb5 35. axb5 Kc8 36. b6 Rd7 37. h4 Kb7 38. g3 Rd1 39. Be7 Kxb6 40. Bxf6 Rc1 41. Bc3 Rg1 42. Be5 Kc6 43. Kc4 Rd1 44. Bf4 Ra1 45. Kd4 Ra6 46. Ke4 Kd7 47. Be5 Ke7 48. Kf4 Kf7 49. g4 h6 50. Bc3 Ra2 51. g5 h5 52. Be1 Ra1 53. Bg3 Ra2 54. Be1 Re2 55. Bg3 Rc2 56. Be1 Rc5 57. Ke4 e5 58. Kf3 Ke6 59. Ke4 Rc4+ 60. Kf3 Kf5 61. Bf2 Rg4 62. Bg3 Rb4 63. Be1 Rb3 64. Bf2 Rb1 65. Bg3 e4+ 66. Kg2 Kg4 67. Bf4 Rb2+ 68. Kh1 Kxh4 69. Kg1 Kg4 70. Kh1 Rb5 0-1

[Event "Florianopolis op 5th"]
[Site "Florianopolis"]
[Date "2019.01.22"]
[Round "3"]
[White "Acosta, Pablo Alejandro"]
[Black "Maba, Mateus dos Passos"]
[Result "1-0"]
[WhiteElo "1981"]
[BlackElo "1705"]
[PlyCount "65"]
[EventDate "2019.01.21"]
[EventType "swiss"]
[EventRounds "10"]
[EventCountry "BRA"]
[SourceTitle "CBM 188 Extra"]
[Source "ChessBase"]
[SourceDate "2019.02.26"]
[SourceVersion "1"]
[SourceVersionDate "2019.02.26"]
[SourceQuality "1"]

1. e4 Nc6 2. Nf3 e5 3. d4 exd4 4. Nxd4 Qf6 5. Be3 Bc5 6. Nb5 Bxe3 7. fxe3 Qe5 8. Nd2 Kd8 9. Nc3 Nf6 10. Qf3 d6 11. h3 Bd7 12. 0-0-0 Kc8 13. Bc4 Rf8 14. Nd5 Nxd5 15. exd5 Ne7 16. Kb1 a6 17. e4 Ng6 18. Rhe1 Kb8 19. Bf1 Qf4 20. Qc3 Qe5 21. Qb3 Qg5 22. Nc4 Ne5 23. Na5 b6 24. a4 Ka7 25. Qc3 Rfc8 26. Nc6+ Nxc6 27. dxc6 Be6 28. e5 dxe5 29. Rxe5 Qf4 30. a5 Rd8 31. axb6+ cxb6 32. Ree1 Rac8 33. Qa3 1-0